Visualizzazione normale
Vista MARC
- Mieth-Schillebeeckx-Snijdewind
di Personal Name
Records bibliografici associati: 1
001 - CONTROL NUMBER
- control field: 36052
003 - CONTROL NUMBER IDENTIFIER
- control field: IT-RoPau
005 - DATE AND TIME OF LATEST TRANSACTION
- control field: 20151003223148.0
008 - FIXED-LENGTH DATA ELEMENTS
- fixed length control field: 151003|| aca||aabn | a|a d
040 ## - CATALOGING SOURCE
- Original cataloging agency: IT-RoPau
- Transcribing agency: IT-RoPau
100 ## - HEADING--PERSONAL NAME
- Personal name: Mieth-Schillebeeckx-Snijdewind
670 ## - SOURCE DATA FOUND
- Source citation: Work cat.: (IT-RoPau)32514: Mieth-Schillebeeckx-Snijdewind, Cammino e visione. Universalità e regionalità della teologia nel XX secolo. Scritti in onore di Rosino Gibellini